Papermaking Science and Technology. Book 17 : Pulp and Paper Testing /

Saved in:
Bibliographic Details
Format: Book
Language:English
Published: Helsinki : Fapet Oy, 1999
Tags: Add Tag
No Tags, Be the first to tag this record!

MARC

LEADER 00000nam a22000003a 4500
001 stu86577
005 20150408175251.3
008 040503s1999----fi------------------eng-d
020 |a 952-5216-17-9 
040 |a STU  |b slo 
041 0 |a eng 
044 |a fi 
080 |a 676(03) 
245 |a Papermaking Science and Technology. Book 17 :  |b Pulp and Paper Testing /  |c Jan Erik Levlin and Liva Soderhjelm 
260 |a Helsinki :  |b Fapet Oy,  |c 1999 
300 |a 287 s. Obr.,tab.,grafy,lit.,index 
996 |b C97374  |c C*97374  |l CCVIIIA  |s P  |a 0  |w stu86577_0001